000 00309nam a22001217a 4500
008 260116b ||||| |||| 00| 0 eng d
041 _aeng
080 _a000104826
100 _a20
101 _amark
245 _aThe accounting Review
_ckrishnagopal menon and david d. williams
942 _2lcc
_cBK
_evolume 69
999 _c60750
_d60750